| 000 | 00551nam a2200205Ia 4500 | ||
|---|---|---|---|
| 003 | OSt | ||
| 005 | 20220926024900.0 | ||
| 006 | a|||||r|||| 00| 0 | ||
| 007 | ta | ||
| 008 | 220923b |||||||| |||| 00| 0 eng d | ||
| 037 | _cGeneral Book | ||
| 040 |
_aRTL _cRTL _beng |
||
| 041 |
_2eng _aeng |
||
| 082 | _aX:72, N0/TD | ||
| 100 |
_aBUITER W H _9331599 |
||
| 245 | 0 | _aInternational macroeconomics. | |
| 260 |
_aOxford _bClarendon Press _c1990 |
||
| 942 |
_hX:72, N0/TD _cGB _2CC |
||
| 999 |
_c645781 _d645781 |
||